000 00397nam a2200157 i 4500
001 bg
100 1 _aLINDNER, Jan
245 0 _aPrzeciwpożarowe urządzenia i instalacje wodne /
_cJ. Lindner, W. Struś.
250 _aWyd.2 uzup.
260 _aWarszawa,
_c1977.
700 1 _aSTRUŚ, Włodzimierz
040 _cBPK
041 _apol
942 _cKS
008 s pl f |000 0 pol
999 _c4860
_d4860
856 _uhttp://koha.tu.koszalin.pl/cgi-bin/koha/opac-detail.pl?biblionumber=4860
_yKatalog online BPK